000 00396nam a2200145Ia 4500
008 230917s9999||||xx |||||||||||||| ||und||
040 _e47711
_aMAIN
041 _aEnglish
082 _a843.7 F617B:N
100 _aBrombert, Victor
245 0 _aNovels of Flaubert: A study of themes and techniques
260 _aPrinceton
_bPrinceton University Press
_c1966
300 _a301 p.
942 _cBK
999 _c104974
_d104974